00412 2200145 4500245010000000020002200100250001000122100002400132005001900156260003300175041001400208084001000222300002500232336000900257 aBelajar Mengiklaskan ; Tidak Semua Yang Kita Inginkan Harus DimilikicIbnu Mas'ad MasjhurhText a978-623-5269-11-5 aCet.1 aIbnu Mas'ad Masjhur a20241014101052 aSemarangbSendangmulyoc2022 aIndonesia a297.5 avi + 158 hlm 20 cm : atext